| 000 | 00751cam a2200241 4500 | ||
|---|---|---|---|
| 001 | WB3616-35 | ||
| 008 | 000000n2000 000 0 eng u | ||
| 035 | _a(Sirsi) u105650 | ||
| 245 | _aHomes mismanagement | ||
| 260 | _c2000 | ||
| 490 |
_aFinancial Times _v27 April 2000, 6 |
||
| 490 |
_aDaily Telegraph _v27 April 2000, 10(1) |
||
| 520 | _aNearly a quarter of MoD family accommodation was empty last year and the proportion has been rising according to a National Audit Office report. | ||
| 590 | _aWB | ||
| 650 | _aMOD ESTATES | ||
| 650 | _aMINISTRY OF DEFENCE | ||
| 650 | _aSURPLUS PROPERTY | ||
| 650 | _aNATIONAL AUDIT OFFICE | ||
| 650 | _aEMPTY HOUSES | ||
| 650 | _aMARRIED QUARTERS ESTATES | ||
| 690 | _aHOUSING | ||
| 942 | _n0 | ||
| 999 |
_c63274 _d63274 |
||